000 01059cam a2200301 i 4500
001 161732
003 SpMaBN
005 20240522063058.0
008 240520s1891 sp | |||| 000 f spa
035 _a(OCoLC)868830883
035 _aa4856844
040 _aSpMaBN
_bspa
_cSpMaBN
_erdc
_dES-MaACL
080 _a821.134.2-31"18"
080 _a821.134.2-3
_2summary
100 1 _aPereda, José María de,
_d1833-1906
_0XX982332
_990447
245 1 0 _aPedro Sánchez /
_cD. José M. de Pereda.
260 _a[S.l.] :
_b[s.n.],
_c1891.
_e(Madrid :
_fImp. y Fundición de Tello)
300 _a545 p. ;
_c17 cm
336 _aTexto (visual)
337 _asin mediación
490 1 _aObras completas ;
_vt. 13
800 _aPereda, José María de,
_d1833-1906.
_tObras ;
_v13
_9236483
852 _aES-MaACL
_jB-3700
_9167801
_cSPB
856 4 1 _uhttp://bdh-rd.bne.es/viewer.vm?id=0000201951&page=1
_yVersión en línea
_zBiblioteca Digital Hispánica
942 _cMONOGRAFIA
999 _c161732
_d161732